| 000 | 00940mam a2200313 a 4500 | ||
|---|---|---|---|
| 001 | 3002063 | ||
| 005 | 20150828104344.0 | ||
| 008 | 010504s2001 enka b 001 0 eng d | ||
| 010 | _a 2001269139 | ||
| 015 | _aGBA0-V1394 | ||
| 020 | _a0192893211 | ||
| 035 | _a(OCoLC)ocm45439346 | ||
| 035 | _a(NNC)3002063 | ||
| 040 |
_aUKM _cDLC _dUKM |
||
| 042 | _alccopycat | ||
| 050 | 0 | 0 |
_aBF431 _b.D285 2001 |
| 082 | 0 | 0 |
_a153.9 _221 |
| 100 | 1 |
_aDeary, Ian J. _919144 |
|
| 245 | 1 | 0 |
_aIntelligence : _ba very short introduction / _cIan J. Deary. |
| 260 |
_aOxford ; _aNew York : _bOxford University Press, _c2001. |
||
| 300 |
_a132 p. : _bill. ; _c18 cm. |
||
| 490 | 1 |
_aVery short introductions ; _v39 |
|
| 504 | _aIncludes bibliographical references and index. | ||
| 650 | 0 |
_aIntellect. _914396 |
|
| 650 | 0 |
_aIntelligence levels. _919145 |
|
| 830 | 0 |
_aVery short introductions ; _v39. _919146 |
|
| 942 |
_2lcc _cMONOGRAPH |
||
| 999 |
_c123179 _d123179 |
||